Catalog

Record Details

Catalog Search



Minecraft. #5 / written by Sfé R. Monster ; ... Read More

Monster, Sfé R.(Author).
Graley, Sarah,(illustrator.). Hill, John J. (Letterer),(letterer.).

Available copies

  • 1 of 2 copies available at LARL/NWRL Consortium.
  • 0 of 1 copy available at Lake Agassiz Regional Library. (Show preferred library)

Current holds

0 current holds with 2 total copies.

Show Only Available Copies
Location Call Number / Copy Notes Barcode Shelving Location Status Due Date
Ada Public Library J G MON (Text) 33500013579347 Main Checked out 05/22/2026
Hallock Public Library j MON (Text) 35500006564239 Main Available -

Record details

  • ISBN: 9781098250669
  • ISBN: 1098250664
  • Physical Description: pages : color illustrations ; cm
  • Publisher: [Minneapolis, Minnesota] : Graphic Novels is an imprint of Spotlight, a division of ABDO, 2021.

Content descriptions

Summary, etc.:
Tyler and his friends have been attacked by a ... Read More
Subject: Minecraft (Game) > Comic books, strips, etc.
Science fiction comic books, strips, etc.
Minecraft (Game)
Science fiction comic books, strips, etc.
Genre: Comics (Graphic works)
Graphic novels.
Graphic novels.
LDR 02003cam a2200445 i 4500
001388500
003LARL_NWRL_CONSORTIUM
00520220419164230.0
008220105s2021 mnua j 6 000 1 eng d
040 . ‡aLPU ‡beng ‡erda ‡cLPU ‡dYDX ‡dBDX ‡dOCLCO ‡dOCLCF ‡dWLM ‡dOCLCO ‡dNRG
019 . ‡a1273916042 ‡a1273970564 ‡a1274057338
020 . ‡a9781098250669 ‡q(library binding)
020 . ‡a1098250664 ‡q(library binding)
035 . ‡a(OCoLC)1290897939 ‡z(OCoLC)1273916042 ‡z(OCoLC)1273970564 ‡z(OCoLC)1274057338
08204. ‡aJ GRAPHIC ‡bMIN
049 . ‡aNRGA
1001 . ‡aMonster, Sfé R.
24510. ‡aMinecraft. ‡n#5 / ‡cwritten by Sfé R. Monster ; illustrated by Sarah Graley and John Hill .
264 1. ‡a[Minneapolis, Minnesota] : ‡bGraphic Novels is an imprint of Spotlight, a division of ABDO, ‡c2021.
300 . ‡apages : ‡bcolor illustrations ; ‡ccm
336 . ‡atext ‡2rdacontent
336 . ‡astill image ‡2rdacontent
337 . ‡aunmediated ‡2rdamedia
338 . ‡avolume ‡2rdacarrier
4900 . ‡aMinecraft graphic novel ; ‡v5
520 . ‡aTyler and his friends have been attacked by a creeper on their Ultimate Quest and are on the hunt for a stronghold, even if that means they have to explore a creepy underground fortress to access the portal to fight a dragon.
650 0. ‡aMinecraft (Game) ‡vComic books, strips, etc.
650 0. ‡aScience fiction comic books, strips, etc. ‡0(LARL_NWRL_CONSORTIUM)30401
650 7. ‡aMinecraft (Game) ‡2fast
650 7. ‡aScience fiction comic books, strips, etc. ‡2fast ‡0(LARL_NWRL_CONSORTIUM)30401
655 7. ‡aComics (Graphic works) ‡2fast
655 7. ‡aGraphic novels. ‡2fast
655 7. ‡aGraphic novels. ‡2lcgft
7001 . ‡aGraley, Sarah, ‡eillustrator.
7001 . ‡aHill, John J. ‡c(Letterer), ‡eletterer.
905 . ‡ubacont
901 . ‡a388500 ‡b ‡c388500 ‡tbiblio ‡soclc

Additional Resources